000 02334nam a2200241Ia 4500
003 Ost
005 20260507075109.0
008 260507s9999||||xx |||||||||||||| ||und||
040 _cfsecg
041 _aara
082 _a330
100 _aنصر علي، عبد الوهاب
_eمؤلف
245 0 _aخدمات مراقبة الحسابات لسوق المال :
_bامتطلبات المهنية ومشاكل الممارسات العملية في ضوء المراجعة المصرية والدولية و الأمريكية /
_c عبد الوهاب نصر علي
260 _aالاسكندرية:
_bالدار الجامعية,
_c2001
520 _aفي هذا الكتاب : الجزء الأول : المراجعة الحديثة لحسابات الشركات المقيدة بالبورصة-الفصل الأول : المفاهيم الأساسية لمراجعة الحديثة لحسابات : الفصل الثاني : المعايير العامة للمراجعة الحديثة للحسابات : الفصل الثالث : معايير العمل الميداني للمراجعة : الفصل الرابع : تقرير مراقب الحسابات عن مراجعة القوائم المالية السنوية : الفصل الخامس : أحكام مراقب الحسابات علي الأهمية النسبية وخطر المراجعة : الفصل السادس : الأطار العام لعملية المراجعة الحديثة للحسابات : الفصل السابع : مدخل المعاينة الاحصائية للمراجعة الحديثة للحسابات : الفصل الثامن : مراجعة دورة الإيرادات المتحصلات : الفصل التاسع : مراجعة دورة النفقات والمدفوعات : الفصل العاشر : مراجعة دورة الأجور وخدمات الأفراد : الفصل الحادي عشر : مراجعة دورة المخزون : الفصل الثاني عشر : مراجعة دورة التمويل : الفصل الثالث عشر : مراجعة النقدية.
653 _aتدقيق
653 _aسوق المال
653 _aمالية
653 _aمحاسبه الشركات
653 _aمراجعه الحسابا ت
653 _aمراقبة - سوق مالية المحاسبه
942 _cكتاب
999 _c42862
_d42862